00273nam a2200097Ia 4500008004000000082001600040100003600056245003900092260003300131300001100164210210b1970 xxu||||| |||| 00| 0 eng d a330.91 DUBE aDUBEY (R N) and PARANJPE (S D). aEconomic and commercial geography. aAllahabadbKitab mahalc1970 aii,383